000 01582 a2200385 4500
001 19465998
003 0000
005 20260313101409.0
008 170123s2017 flu b 001 0 eng
010 _a 2017002660
020 _a9781032051161
035 _a19465998
035 _a(DNLM)101698988
040 _aDNLM/DLC
_cDLC
_erda
042 _apcc
050 0 0 _aRG 526 .O27
082 0 0 _a618.2
_223
100 _aEdited by Kenny Louise
245 0 0 _aObstetrics by ten teachers /
_c[edited by] Louise Kenny & Jenny Myers.
250 _a21st ed.
263 _a1703
264 1 _aBoca Raton :
_bCRC Press,
_c2024
300 _axvii, 337p. ill.
336 _atext
_2rdacontent
337 _aunmediated
_2rdamedia
338 _avolume
_2rdacarrier
504 _aIncludes bibliographical references and index.
505 0 _aObstetric history taking and examination -- Antenatal care -- Normal fetal development and growth -- Assessment of fetal wellbeing -- Prenatal diagnosis -- Antenatal obstetric complications -- Multiple pregnancy -- Pre-term labour -- Hypertensive disorders of pregnancy -- Medical complications : diabetes, renal cardiac haematological/sle others -- Perinatal infections -- Labour : normal and abnormal -- Operative delivery -- Obstetric emergencies -- The puerperium -- The neonate.
650 1 2 _aObstetrics
_xmethods
650 2 2 _aPregnancy Complications
700 1 _aKenny, Louise C.
_q(Louise Clare),
_eeditor.
700 1 _aMyers, Jenny,
_d1974-
_eeditor.
906 _a7
_bcbc
_corignew
_d1
_eecip
_f20
_gy-gencatlg
942 _2lcc
_cBK
999 _c44128
_d44128